|
|
|
|
| LEADER |
01647nam a2200397 i 4500 |
| 001 |
EBC6143650 |
| 003 |
MiAaPQ |
| 005 |
20200623080512.0 |
| 006 |
m o d | |
| 007 |
cr cnu|||||||| |
| 008 |
200623s2020 enk o 001 0 eng d |
| 020 |
|
|
|z 9781838676049
|
| 020 |
|
|
|a 9781838676056 (e-book)
|
| 035 |
|
|
|a (MiAaPQ)EBC6143650
|
| 035 |
|
|
|a (Au-PeEL)EBL6143650
|
| 035 |
|
|
|a (OCoLC)1146246910
|
| 040 |
|
|
|a MiAaPQ
|b eng
|e rda
|e pn
|c MiAaPQ
|d MiAaPQ
|
| 050 |
|
4 |
|a HD5110
|b .C664 2020
|
| 082 |
0 |
|
|a 331.2572
|2 23
|
| 245 |
0 |
0 |
|a Conflict and shifting boundaries in the gig economy :
|b an interdisciplinary analysis /
|c edited by Rebecca Page-Tickell and Elaine Yerby.
|
| 264 |
|
1 |
|a Bingley, England :
|b Emerald Publishing,
|c [2020]
|
| 264 |
|
4 |
|c 2020
|
| 300 |
|
|
|a 1 online resource (223 pages)
|
| 336 |
|
|
|a text
|b txt
|2 rdacontent
|
| 337 |
|
|
|a computer
|b c
|2 rdamedia
|
| 338 |
|
|
|a online resource
|b cr
|2 rdacarrier
|
| 500 |
|
|
|a Includes index.
|
| 588 |
|
|
|a Description based on print version record.
|
| 590 |
|
|
|a Electronic reproduction. Ann Arbor, MI : ProQuest, 2018. Available via World Wide Web. Access may be limited to ProQuest affiliated libraries.
|
| 650 |
|
0 |
|a Part-time employment.
|
| 655 |
|
4 |
|a Electronic books.
|
| 700 |
1 |
|
|a Page-Tickell, Rebecca,
|e editor.
|
| 700 |
1 |
|
|a Yerby, Elaine,
|e editor.
|
| 776 |
0 |
8 |
|i Print version:
|t Conflict and shifting boundaries in the gig economy : an interdisciplinary analysis.
|d Bingley, England : Emerald Publishing, c2020
|h 223 pages
|z 9781838676049
|
| 797 |
2 |
|
|a ProQuest (Firm)
|
| 856 |
4 |
0 |
|u https://ebookcentral.proquest.com/lib/matrademy/detail.action?docID=6143650
|z Click to View
|